Normal view
MARC view
- Ranjan, Prabhat , Vakhrushev, V.Alexander. Haghi, A. K
Entry Corporate Name
001 - CONTROL NUMBER
- control field: 99938
003 - CONTROL NUMBER IDENTIFIER
- control field: NUST
005 - DATE AND TIME OF LATEST TRANSACTION
- control field: 20221011154320.0
008 - FIXED-LENGTH DATA ELEMENTS
- fixed length control field: 221011|| aca||aabn | a|a d
040 ## - CATALOGING SOURCE
- Original cataloging agency: NUST
- Transcribing agency: NUST
110 ## - HEADING--CORPORATE NAME
- Corporate name or jurisdiction name as entry element: Ranjan, Prabhat , Vakhrushev, V.Alexander. Haghi, A. K
670 ## - SOURCE DATA FOUND
- Source citation: Work cat.: (NUST)591393: Bir Singh, Satya: 98864, Mechatronic Systems Design and Solid Materials: , 2021.
